Fremdenverkehrsstatistik Fürstentum Liechtenstein Jahresheft 2002

Guardado en:
Detalles Bibliográficos
Formato: Libro
Lenguaje:alemán
Publicado: Vaduz Amt für Volkswirtschaft [2003]
Materias:
Etiquetas: Agregar Etiqueta
Sin Etiquetas, Sea el primero en etiquetar este registro!

MARC

LEADER 00000nam a2200000 4500
001 c142982
005 20251216141042.2
041 0 |a ger 
044 |a LI 
245 1 0 |a Fremdenverkehrsstatistik Fürstentum Liechtenstein  |b Jahresheft 2002 
264 1 |a Vaduz  |b Amt für Volkswirtschaft  |c [2003] 
300 |a 108 s. 
610 2 0 |a Lichtenštajnsko 
610 2 0 |a ruch cestovný